000 00741nam a2200253Ia 4500
003 OSt
005 20220928131200.0
006 a|||||r|||| 00| 0
007 ta
008 220927b |||||||| |||| 00| 0 eng d
020 _a8171009859
024 _a82398
037 _cTextual
040 _aSDCL
_cSDCL
_beng
041 _2eng
_aeng
082 _aA, N8
100 _aVAIDYA Narendera
_9447712
245 0 _aHow to think scientifically
_b Concepts, methods, proceedings for new ways of scientific thinking
260 _aNew Delhi
_bDeep & Deep Pub. India
_c1998
300 _axxiv,230p.
_ccm.
700 _a McINTYRE Pat
_9477305
942 _hA, N8
_cTEXL
_2CC
999 _c789808
_d789808